| 000 | 01883nam a2200337 i 4500 | ||
|---|---|---|---|
| 001 | 000049 | ||
| 003 | O-SdBNP | ||
| 005 | 20260321073644.0 | ||
| 007 | ta | ||
| 008 | 081029s1998 dr 001 0 spa d | ||
| 040 |
_aDO-SdBNP _bspa _cBNPHU _erda |
||
| 041 | _hspa | ||
| 082 | 4 |
_a972.93 _bD554d, 1998 _222 |
|
| 100 | 1 |
_a Bosch, Juan, _d1909-2001 _eautor _4aut. _976555 |
|
| 245 | 1 | 4 |
_aLas dictaduras dominicanas / _cJuan Bosch. |
| 264 | 4 |
_aSanto Domingo : _bEditora Secretaría de Formación Política, _c1998. |
|
| 300 |
_a51 páginas ; _c22 cm. |
||
| 336 |
_atexto _btxt _2rdacontent |
||
| 337 |
_asin mediación _bn _2rdamedia |
||
| 338 |
_avolumen _bnc _2rdacarrier |
||
| 505 | 2 |
_aUna colonia despoblada -- _tLa aparición del capitalismo en nuestro país -- _tEl país desconocía el orden -- _tEl panorama de un país sin caminos -- _tEl tránsito del precapitalismo al capitalismo -- _tBolos contra rabuses y rabuses contra bolos -- _tEl desorden general en el año 1906 -- _tGuayubín, un general de esos tiempos -- _tDesiderio Arias. Su papel en la actividad política nacional -- _tLa situación económica hacia el año 1920 -- _tEl atraso en la sociedad y en el comercio -- _tTrujillo: único jefe militar y político del país -- _tLos asesinatos dentro y fuera del país -- _tLa situación económica del país en 1930 -- _tEl impulso al desarrollo industrial, obra de la dictadura de Trujillo. |
|
| 590 | _aInventariado, 2019/VM | ||
| 600 | 1 | 4 |
_a Heureaux, Ulises, _d1845-1899 _9598 |
| 600 | 1 | 4 |
_aTrujillo Molina, Rafael Leónidas, _d 1891-1961 _976764 |
| 650 | 4 |
_aPresidentes _zRepública Dominicana _9599 |
|
| 650 | 4 |
_aDictadores _zRepública Dominicana _9601 |
|
| 651 | 4 |
_aRepública Dominicana _xHistoria _9170 |
|
| 651 | 0 |
_aRepública Dominicana _xPolítica y gobierno _945 |
|
| 710 | 2 |
_aPartido de la Liberación Dominicana (República Dominicana) _976473 |
|
| 942 |
_2ddc _cLBS1 |
||
| 999 |
_c48580 _d48580 |
||